Bienvenue à la Médiathèque de Saint-Andiol
banniere
Accueil Recherche avancée Mon compte
handi1 Rechercher dans le catalogue

Filtre   Mots-clés
  Recherche avancée
 
Lister les dernières nouveautés
 
Lister les livres GROS CARACTERES
 
Lister les périodiques (magazines)

handi1 Bim, bam, boum !

<< Retourner aux résultats de la recherche
Book Cover
Auteur principal : Mr Tan
Autres auteurs : Diane Le Feyer
Titre : Bim, bam, boum !
Support : Livres
Langue : Francais
Genre : Roman (enfants)
Sujets :
Étiquettes :
Pas de tags
LEADER 00799nam0a2200169 450
001 16868384
010 |a 978-2-494-67858-3  |b Br.  |d 7,9 € 
100 |a 20260603d2026 u u0frey01 ba 
101 0 |a fre 
200 0 |a Bim, bam, boum !  |f Mr Tan  |g ill. Diane Le Feyer 
207 1 |a   
330 |a BIM BAM BOUM ! Attention, quand Mortelle Adèle n'est pas de bonne humeur, tous aux abris ! Mais sais-tu qu'il existe d'autres moyens que les cris et les coups de pied pour exprimer sa mauvaise humeur ? Pour se faire comprendre des nazebroques, Mortelle Adèle va redoubler d'imagination ! 
700 0 |a Mr Tan  |f 1981-....  |4 70 
702 0 |a Le Feyer  |b Diane  |f 19..-....  |4 440 
900 |a Roman (enfants) 
901 |a Jeunesse 
995 |a Médiathèque  |c Médiathèque  |f 089021920  |h 089021920  |k E MOR  |o p  |q j  |r az  |e Médiathèque